000 00504nam a22001697a 4500
005 20251108163339.0
008 250721s9999 xx 000 0 ara d
082 1 4 _a133.82/ولس
100 1 _aولسون، كولن
245 1 0 _aالحاسة السادسة /
264 1 _aعمان :
_bالأهلية للنشر والتوزيع،
_c[19-].
300 _a155 ص
650 1 7 _aعلم نفس التخاطر
700 1 _aالبديري، مالك فاضل
_eترجمة
942 _2ddc
_cBK
999 _c376
_d376